000 00773nam a2200193 i 4500
001 44620
003 ES-MaACL
005 20230906161050.0
007 t|
008 030321s1888 xxu ||||1| spa d
100 1 _aCleveland, Stephan Grover.
_939244
245 1 0 _aLaudo pronunciado por... Grover Cleveland, Presidente de los Estados Unidos de América en las cuestiones sometidas a su decisión por las repúblicas de Costa Rica y Nicaragua /
_cé informe presentado al árbitro por ... George L. Rives.
260 _aWashington :
_b[s.n.],
_c1888.
300 _a32 p. ;
_c24 cm.
651 4 _aCosta Rica-
_xFronteras-
_zNicaragua.
_9154969
651 4 _aNicaragua-
_xFronteras-
_zCosta Rica.
_9154970
700 1 _aRives, George L.
_997718
852 _aES-MaACL
_jT-548-F-2
999 _c44620
_d44620